Famous People who were murdered #3 - Statistics

General Stats
  • This quiz has been taken 48 times
  • The average score is 3 of 16
Answer Stats
Picture Answer % Correct
Abraham Lincoln
100%
Indira Gandhi
63%
Jeffrey Dahmer
63%
Haile Selassie
33%
Harvey Milk
19%
Ernst Röhm
14%
Michael Collins
9%
Giovanni Falcone
5%
Luis Carrera Blanco
5%
Alexander II of Russia
2%
Boris Nemtsov
2%
Faisal II of Saudi Arabia
2%
Gustav III
2%
Inejiro Asanuma
2%
Reeva Steenkamp
2%
Víctor Jara
2%
No matching quizzes found
Score Distribution
Percent of People with Each Score
Percentile by Number Answered
Your Score History
You have not taken this quiz